Sports Quiz

Random Sports or NHL Quiz

2009-10 Top 25 NHL Players by Salary Quiz Stats

 Plays Quiz not verified by Sporcle

Challenge
Share
Tweet
Embed
Score 0/25 Timer 05:00
0 Plays Today
Team Player % Correct
Pittsburgh PenguinsSidney Crosby
100%
Pittsburgh PenguinsEvgeni Malkin
99.3%
Washington CapitalsAlex Ovechkin
99%
Tampa Bay LightningVincent Lecavalier
91.3%
San Jose SharksJoe Thornton
91.3%
Calgary FlamesJerome Iginla
89.9%
Detroit Red WingsHenrik Zetterberg
82.9%
Chicago BlackhawksMarian Hossa
82.2%
Vancouver CanucksRoberto Luongo
82.2%
Dallas StarsBrad Richards
80.1%
San Jose SharksDany Heatley
79.7%
Boston BruinsZdeno Chara
79.4%
Detroit Red WingsNicklas Lidstrom
79.4%
Team Player % Correct
New York RangersMarian Gaborik
79%
Ottawa SenatorsJason Spezza
77.3%
Ottawa SenatorsDaniel Alfredsson
77.3%
New Jersey DevilsIlya Kovalchuk
74.1%
Montreal CanadiensScott Gomez
73.4%
Philadelphia FlyersDaniel Briere
63.6%
New York RangersChris Drury
63.3%
Calgary FlamesMiika Kiprusoff
61.9%
Chicago BlackhawksBrian Campbell
61.5%
New York RangersWade Redden
51.7%
Calgary FlamesJay Bouwmeester
48.3%
Edmonton OilersShawn Horcoff
37.1%

You're not logged in!

Compare scores with friends on all Sporcle quizzes.
Join for Free
OR
Log In

You Might Also Like...

Show Comments

Extras

Top Quizzes Today


Score Distribution

Your Account Isn't Verified!

In order to create a playlist on Sporcle, you need to verify the email address you used during registration. Go to your Sporcle Settings to finish the process.

Report this User

Report this user for behavior that violates our Community Guidelines.

Details: